| 000 | 01561nam a2200433 i 4500 | ||
|---|---|---|---|
| 001 | 130069 | ||
| 003 | FINmELB | ||
| 005 | 20241217180231.0 | ||
| 006 | m o u | ||
| 007 | cr cn||||||||| | ||
| 008 | 220221s1999 pe o 000 0 spa d | ||
| 020 | _z9789972676086 | ||
| 035 | _a(OCoLC)1304902008 | ||
| 040 |
_aFINmELB _bspa _erda _cFINmELB |
||
| 050 | 1 | 4 |
_aB823.3 _bM764 1999 |
| 080 | _a316.75 | ||
| 082 | 0 | 4 |
_a140 _223 |
| 100 | 1 | _aMontaner, Carlos Alberto. | |
| 245 | 1 | 0 |
_aRetos al pensamiento moderno a las puertas de un siglo nuevo : _bcharla magistral / _cCarlos Alberto Montaner. |
| 264 | 1 |
_aLima : _bUniversidad Peruana de Ciencias Aplicadas (UPC), _c1999. |
|
| 300 | _a1 recurso en línea (75 páginas) | ||
| 336 |
_atexto _btxt _2rdamedia/spa |
||
| 337 |
_acomputadora _bc _2rdamedia/spa |
||
| 338 |
_arecurso en línea _bcr _2rdacarrier/spa |
||
| 588 | _aDescripción basada en metadatos suministrados por el editor y otras fuentes. | ||
| 590 | _aRecurso electrónico. Santa Fe, Arg.: elibro, 2021. Disponible vía World Wide Web. El acceso puede estar limitado para las bibliotecas afiliadas a elibro. | ||
| 650 | 0 | _aIdeology. | |
| 650 | 0 | _aWorld politics. | |
| 650 | 0 | _aLiberalism. | |
| 650 | 4 | _aIdeología. | |
| 650 | 4 | _aPolítica mundial. | |
| 650 | 4 | _aLiberalismo. | |
| 655 | 4 | _aLibros electrónicos. | |
| 797 | 2 | _aelibro, Corp. | |
| 856 | 4 | 0 | _uhttps://elibro.net/ereader/politecnicointernacional/188649 |
| 999 |
_c130069 _d130069 |
||